Working memory in development /

Bibliographic Details
Main Authors: Camos, Valérie (Author), Barrouillet, Pierre (Author)
Corporate Author: ProQuest (Firm)
Format: eBook
Language:English
Published: Abingdon, Oxon ; New York, NY : Routledge, 2018.
Series:Essays in cognitive psychology.
Subjects:
Online Access:Connect to the full text of this electronic book

MARC

Tag First Indicator Second Indicator Subfields
LEADER 00000cam a22000001i 4500
001 in00004022113
006 m |o d |
007 cr |n|||||||||
008 180419t20182018enka ob 001 0 eng d
005 20250816204427.7
020 |a 9781317338352 (electronic bk.) 
020 |a 1317338359 (electronic bk.) 
020 |z 9781138959057 
020 |z 1138959057 
020 |z 9781138959064 
020 |z 1138959065 
024 8 |a 40028089190 
035 |a (NhCcYBP)ebc5310379 
040 |a NhCcYBP  |c NhCcYBP  |d UtOrBLW 
050 4 |a BF378.S54  |b C36 2018 
082 0 4 |a 153.1/3  |2 23 
100 1 |a Camos, Valérie,  |e author.  |0 http://id.loc.gov/authorities/names/n2009074670 
245 1 0 |a Working memory in development /  |c Valérie Camos and Pierre Barrouillet. 
264 1 |a Abingdon, Oxon ;  |a New York, NY :  |b Routledge,  |c 2018. 
264 4 |c ©2018 
300 |a 1 online resource. 
336 |a text  |b txt  |2 rdacontent 
337 |a computer  |b c  |2 rdamedia 
338 |a online resource  |b cr  |2 rdacarrier 
490 1 |a Essays in cognitive psychology 
504 |a Includes bibliographical references and index. 
505 0 |a The emergence of working memory in developmental psychology: from constructivism to cognitivism -- Working memory in neo-Piagetian theories -- Working memory in domain-specific developmental theories -- The evolving concept of working memory -- Age-related increases in short-term maintenance -- The development of the executive control -- The sources of working memory development -- Sources of development in the TBRS model -- The impact of a developing TBRS working memory on cognitive development -- Epilogue: searching for cognitive development. 
588 |a Description based on print version record. 
500 |a Electronic resource. 
650 0 |a Short-term memory.  |0 http://id.loc.gov/authorities/subjects/sh85121972 
650 0 |a Developmental psychology.  |0 http://id.loc.gov/authorities/subjects/sh85037359 
655 7 |a Electronic books.  |2 local 
700 1 |a Barrouillet, Pierre,  |e author.  |0 http://id.loc.gov/authorities/names/n2010009317 
710 2 |a ProQuest (Firm)  |0 http://id.loc.gov/authorities/names/n2007068018 
776 1 8 |i Online version:  |a Camos, Valérie.  |t Working memory in development.  |d Abingdon, Oxon ; New York, NY : Routledge, 2018  |z 9781315660851  |w (DLC) 2017056030 
776 1 8 |c Original  |z 9781138959057  |z 1138959057  |z 9781138959064  |z 1138959065  |w (DLC) 2017047097 
830 0 |a Essays in cognitive psychology.  |0 http://id.loc.gov/authorities/names/n88510356 
856 4 0 |u https://ebookcentral.proquest.com/lib/tamucs/detail.action?docID=5310379  |y Connect to the full text of this electronic book  |t 0 
955 |a YBP purchased approval e-records 
980 |b 210.00  |g 1 
987 |a ybp15194391 
999 f f |s 52e43acd-c857-3e01-ba48-a7ec884614f7  |i 25414c20-a52c-30f5-af8a-e1c4fd988b36  |t 0 
952 f f |a Texas A&M University  |b College Station  |c Electronic Resources  |d Available Online  |t 0  |e BF378.S54 C36 2018  |h Library of Congress classification 
998 f f |a BF378.S54 C36 2018  |t 0  |l Available Online